000 00496nam a2200157Ia 4500
008 210716s2016 xx 000 0 und d
020 _a9789351500612
041 _aeng
082 _a374.22 BANR
100 _aBanerjee, Robin.
245 _aWho cheats and how: scams fraud and the dark side of the corporate world.
_bScams fraud and the dark side of the corporate world.
250 _a1
260 _aNew Delhi
_bSage Publications
_c2016
300 _axxxiii,300
650 _aGeneral Knowledge
999 _c210608
_d210608